Ngữ Dụng Học
Αποθηκεύτηκε σε:
| Μορφή: | Βιβλίο |
|---|---|
| Γλώσσα: | Vietnamese |
| Έκδοση: |
GDVN
2011
|
| Θέματα: | |
| Ετικέτες: |
Προσθήκη ετικέτας
Δεν υπάρχουν, Καταχωρήστε ετικέτα πρώτοι!
|
| Thư viện lưu trữ: | Mạng thư viện Đại học Đà Nẵng |
|---|
| LEADER | 00996nam a22003131a 4500 | ||
|---|---|---|---|
| 001 | 000033837 | ||
| 003 | 10029 | ||
| 005 | 20151027000000.0 | ||
| 008 | 151027s2011 vm 000 vie | ||
| 041 | |a vie | ||
| 082 | |a 495.92.306 |b ĐÔ-H | ||
| 245 | |a Ngữ Dụng Học | ||
| 260 | |a GDVN |c 2011 | ||
| 300 | |a 110tr:ill:16*24cm | ||
| 650 | |a Ngữ Dụng Học,2011,Đỗ Việt Hùng | ||
| 852 | |b Chuyên đề |c Ngôn ngữ tiếng Việt 1 | ||
| OWN | |a LNN | ||
| AVA | |a UDN50 |b LNN |d 495.92.306 ĐÔ-H |e available |t Error 5001 Not defined in file expand_doc_bib_avail. |f 5 |g 0 |h N |i 0 |k 1 | ||
| 999 | |a From the UDN01 | ||
| AVA | |a UDN50 |b LNN |d 495.92.306 ĐÔ-H |e available |t Error 5001 Not defined in file expand_doc_bib_avail. |f 5 |g 0 |h N |i 0 |k 1 | ||
| TYP | |a Monograph | ||
| TYP | |a Printed language | ||
| 980 | |a Mạng thư viện Đại học Đà Nẵng | ||